| 000 | 00484nam a2200157 i 4500 | ||
|---|---|---|---|
| 001 | 82730 | ||
| 003 | ES-MaACL | ||
| 007 | t| | ||
| 008 | 041111s1924 sp ||||1| spa d | ||
| 100 | 1 |
_aInclán López, Alberto. _965244 |
|
| 245 | 1 | 0 |
_aElementos de Física y Geología / _cpor Alberto Inclán López y José Mañas Bonvi. |
| 260 |
_aMadrid : _bA. Medina, _c1924. |
||
| 300 |
_aVIII, 470 p., 3 lám. ; _c25 cm. |
||
| 700 | 1 |
_aMañas Bonvi, José. _976256 |
|
| 852 |
_aES-MaACL _jB-3883 |
||
| 999 |
_c82730 _d82730 |
||